000 00339nam a2200133Ia 4500
008 151001s9999||||xx |||||||||||||| ||und||
100 _aशा नि ओक
245 _aभिडस्त माणूस
250 _a2
260 _bशेठ हिरजी मोह्नजी
260 _c1944
300 _a154
365 _b7
999 _c951194
_d951191